000 00422nam a22001697a 4500
005 20180530122530.0
008 160521b xxu||||| |||| 00| 0 eng d
020 _a81-203-1741-6
041 _aeng
082 _b3950
_a519.5
100 _aSharma K.V.S.
_9988
245 _aStatistics made simple do it yourself on PC
260 _aDelhi
_bPearson Education,
300 _a257
650 _aManagement
_9241
942 _cBK
999 _c1346
_d1346